00379nam a22001457a 4500003000400000008004100004020001800045082001200063100001700075245006900092250001300161260003700174300001100211650001100222OSt241022b |||||||| |||| 00| 0 eng d a9781440340925 a757 SCC aSCULLY, Pete aCreative Sketching Workshop: 21 Sketch Crawl Ideas and Exercises a1st.ed., aOHio,bNorth Light Books,c2015, a174 p. aB.FAD.